Comparison of tes of IMO fertilizers and chemical fertilizer on amaranth under sandy loam condition, ការប្រៀបធៀបបរិមាណជី IMO និងជីគីំមីទៅលើទិន្នផលដំណាំផ្ទីស ក្នុងលក្ខខណ្ឌដីល្បាប់ខ្សាច់ (Record no. 7092)

000 -LEADER
fixed length control field 00717nam a22001337a 4500
040 ## - CATALOGING SOURCE
Transcribing agency RUA
082 ## - DEWEY DECIMAL CLASSIFICATION NUMBER
Classification number AGR SEM 2014 B431 Or.1
100 ## - MAIN ENTRY--AUTHOR NAME
Personal name SEM SAVUTH, សែម សាវុធ
245 ## - TITLE STATEMENT
Title Comparison of tes of IMO fertilizers and chemical fertilizer on amaranth under sandy loam condition, ការប្រៀបធៀបបរិមាណជី IMO និងជីគីំមីទៅលើទិន្នផលដំណាំផ្ទីស ក្នុងលក្ខខណ្ឌដីល្បាប់ខ្សាច់
260 ## - PUBLICATION, DISTRIBUTION, ETC. (IMPRINT)
Place of publication Phnom Penh
Name of publisher RUA
Year of publication 2014
300 ## - PHYSICAL DESCRIPTION
Number of Pages xii; 51p.
Other physical details ill.
Dimensions 29cm.
856 ## - ELECTRONIC LOCATION AND ACCESS
Uniform Resource Identifier https://drive.google.com/file/d/1PU2rOrWJsJYEJSEx7ED2yHLbA8kavNxs/view?usp=sharing
942 ## - ADDED ENTRY ELEMENTS (KOHA)
Koha item type AGR
952 ## - LOCATION AND ITEM INFORMATION (KOHA)
Withdrawn status [LOCAL, KOHA] 0
952 ## - LOCATION AND ITEM INFORMATION (KOHA)
Withdrawn status [LOCAL, KOHA] 0
952 ## - LOCATION AND ITEM INFORMATION (KOHA)
Withdrawn status [LOCAL, KOHA] 0
952 ## - LOCATION AND ITEM INFORMATION (KOHA)
Withdrawn status [LOCAL, KOHA] 0
952 ## - LOCATION AND ITEM INFORMATION (KOHA)
Withdrawn status [LOCAL, KOHA] 0
952 ## - LOCATION AND ITEM INFORMATION (KOHA)
Withdrawn status [LOCAL, KOHA] 0
952 ## - LOCATION AND ITEM INFORMATION (KOHA)
Withdrawn status [LOCAL, KOHA] 0
952 ## - LOCATION AND ITEM INFORMATION (KOHA)
Withdrawn status [LOCAL, KOHA] 0
Holdings
Permanent Location Date acquired Koha item type Lost status Shelving location Barcode Current Location Full call number
Library Block B2016-02-25AGR B431RUA052096Library Block BAGR SEM 2014 B431 Or.1
Library Block B2016-02-25AGR B431RUA052163Library Block BAGR SEM 2014 B431 Or.2
Library Block B2016-02-25AGR B431RUA050825Library Block BAGR SEM 2014 B431 Or.3
Library Block B2016-02-25AGR B431RUA052339Library Block BAGR SEM 2014 B431 Or.4
Library Block B2016-02-25AGR B431RUA052340Library Block BAGR SEM 2014 B431 Or.5
Library Block B2016-02-25AGR B431RUA050811Library Block BAGR SEM 2014 B431 Or.6
Library Block B2016-02-25AGR B431RUA051995Library Block BAGR SEM 2014 B431 Or.7
Library Block B2016-02-25AGR B431RUA050937Library Block BAGR SEM 2014 B431 Or.8
មជ្ឈមណ្ឌលឯការនៃសាកលវិទ្យាល័យភូមិន្ទកសិកម្មចំការដូង

Powered by Koha